000 00688nam a22001817a 4500
005 20240101173125.0
010 _aHIN-126641
020 _a9789385389580
_c200.00
035 _aHN-98987
037 _bDBAD/PUB
082 _a821
245 _aअकबर इलाहाबादी की शायरी/
_cसंपादक ओम राज
260 _aकानपुर
_bअमन प्रकाशन
_c2017
270 _a104-ए/80 सी रामबाग
_bकानपुर
_e208012
300 _a111 पृ.;
_c22 सेमी.(सजिल्द)
710 _aओम राज
_eसंपादक
_960529
942 _2ddc
_cHN
_h821
_mअकब
999 _c199937
_d199937